| 000 | 00438nam a2200193Ia 4500 | ||
|---|---|---|---|
| 008 | 170918s9999 xx 000 0 und d | ||
| 020 | _a9780545074384 | ||
| 050 | _bC778 2006 | ||
| 100 | _aCooper, Susan | ||
| 245 | _aVictory / | ||
| 245 | _cSusan Cooper. | ||
| 260 | _aNew York : | ||
| 260 | _bScholastic, | ||
| 260 | _c2006 | ||
| 300 | _a196 pages : | ||
| 300 | _bcolored illustration ; | ||
| 300 | _c19cm. | ||
| 500 | _a1010 | ||
| 999 |
_c342364 _d342364 |
||